000 00626nam a2200205 a 4500
005 20140310183358.0
008 121004s19uu xx 00 eng d
020 _a9788171394494
050 _aZ 675.U5
_b.P189 2011
100 _aPandey, Raghunath
245 _aModern library services /
_cRaghunath Pandey, M.N. Valayudhan Pillai.
260 _aNew Delhi, India :
_bJnanada Prakashan,
_c2011.
300 _a319 p. :
_c22 cm.
500 _aIncludes index
650 _aLibraries
_xReference services
650 _aInformation technology
700 _aPillai, M.N. Valayudhan
942 _cBK
_2lcc
_kFOR
999 _c22276
_d22276